<?xml version="1.0" encoding="UTF-8"?>
<record
    xmlns:xsi="http://www.w3.org/2001/XMLSchema-instance"
    xsi:schemaLocation="http://www.loc.gov/MARC21/slim http://www.loc.gov/standards/marcxml/schema/MARC21slim.xsd"
    xmlns="http://www.loc.gov/MARC21/slim">

  <leader>03158nam a2200541Ia 4500</leader>
  <controlfield tag="001">649</controlfield>
  <controlfield tag="008">241029s9999    xx            000 0 und d</controlfield>
  <datafield tag="010" ind1=" " ind2=" ">
    <subfield code="a">587</subfield>
  </datafield>
  <datafield tag="041" ind1=" " ind2=" ">
    <subfield code="a">Espa&#xF1;ol</subfield>
  </datafield>
  <datafield tag="082" ind1=" " ind2=" ">
    <subfield code="a">NO APLICA</subfield>
  </datafield>
  <datafield tag="245" ind1=" " ind2="0">
    <subfield code="a">Metodolog&#xED;a Utilizada por los Docentes Universitarios y su Incidencia en el Rendimiento Acad&#xE9;mico de los Estudiantes de Educaci&#xF3;n B&#xE1;sica del CURVE.</subfield>
  </datafield>
  <datafield tag="260" ind1=" " ind2=" ">
    <subfield code="a">Santiago</subfield>
  </datafield>
  <datafield tag="300" ind1=" " ind2=" ">
    <subfield code="a">80</subfield>
  </datafield>
  <datafield tag="520" ind1=" " ind2=" ">
    <subfield code="a">29</subfield>
  </datafield>
  <datafield tag="630" ind1=" " ind2=" ">
    <subfield code="a">Metodolog&#xED;a de Ense&#xF1;anza</subfield>
  </datafield>
  <datafield tag="630" ind1=" " ind2=" ">
    <subfield code="a">Redimiento acad&#xE9;mico</subfield>
  </datafield>
  <datafield tag="650" ind1=" " ind2=" ">
    <subfield code="a">Metodolog&#xED;a</subfield>
  </datafield>
  <datafield tag="690" ind1=" " ind2=" ">
    <subfield code="a">Elaborado</subfield>
  </datafield>
  <datafield tag="700" ind1=" " ind2=" ">
    <subfield code="e">asesor</subfield>
    <subfield code="a">Espinal, Juan Antonio</subfield>
  </datafield>
  <datafield tag="700" ind1=" " ind2=" ">
    <subfield code="e">autor</subfield>
    <subfield code="a">Roque Garcia, Sigisnilda Aurelina</subfield>
  </datafield>
  <datafield tag="700" ind1=" " ind2=" ">
    <subfield code="e">autor</subfield>
    <subfield code="a">Roque Garcia, Sairis</subfield>
  </datafield>
  <datafield tag="901" ind1=" " ind2=" ">
    <subfield code="a">{"1":"Roque Garcia","2":"Roque Garcia"}</subfield>
    <subfield code="b">{"1":"Sigisnilda Aurelina","2":"Sairis"}</subfield>
  </datafield>
  <datafield tag="902" ind1=" " ind2=" ">
    <subfield code="a">1</subfield>
  </datafield>
  <datafield tag="903" ind1=" " ind2=" ">
    <subfield code="a">{"1":"Espinal"}</subfield>
    <subfield code="b">{"1":"Juan Antonio"}</subfield>
  </datafield>
  <datafield tag="904" ind1=" " ind2=" ">
    <subfield code="a">Maestr&#xED;a en</subfield>
  </datafield>
  <datafield tag="905" ind1=" " ind2=" ">
    <subfield code="a">Ense&#xF1;anza Superior</subfield>
  </datafield>
  <datafield tag="906" ind1=" " ind2=" ">
    <subfield code="a">2</subfield>
  </datafield>
  <datafield tag="907" ind1=" " ind2=" ">
    <subfield code="a">NO APLICA</subfield>
  </datafield>
  <datafield tag="908" ind1=" " ind2=" ">
    <subfield code="a">NO APLICA</subfield>
  </datafield>
  <datafield tag="909" ind1=" " ind2=" ">
    <subfield code="a">Universidad Aut&#xF3;noma de Santo Domingo (UASD)</subfield>
  </datafield>
  <datafield tag="910" ind1=" " ind2=" ">
    <subfield code="a">NULL</subfield>
    <subfield code="b">NULL</subfield>
  </datafield>
  <datafield tag="911" ind1=" " ind2=" ">
    <subfield code="a">["1"]</subfield>
  </datafield>
  <datafield tag="912" ind1=" " ind2=" ">
    <subfield code="a">NO APLICA</subfield>
  </datafield>
  <datafield tag="913" ind1=" " ind2=" ">
    <subfield code="a">NULL</subfield>
  </datafield>
  <datafield tag="914" ind1=" " ind2=" ">
    <subfield code="a">01 de Octubre de 2011</subfield>
  </datafield>
  <datafield tag="915" ind1=" " ind2=" ">
    <subfield code="a">06/06/14 10:06</subfield>
  </datafield>
  <datafield tag="916" ind1=" " ind2=" ">
    <subfield code="a">NULL</subfield>
  </datafield>
  <datafield tag="917" ind1=" " ind2=" ">
    <subfield code="a">NULL</subfield>
  </datafield>
  <datafield tag="918" ind1=" " ind2=" ">
    <subfield code="a">NO APLICA</subfield>
  </datafield>
  <datafield tag="919" ind1=" " ind2=" ">
    <subfield code="a">["139","242"]</subfield>
  </datafield>
  <datafield tag="520" ind1=" " ind2=" ">
    <subfield code="a">La Educaci&#xF3;n Superior requiere de muchos elementos que contribuyen a que esta sea de calidad. Uno de ellos se podr&#xED;a decir que es la metodolog&#xED;a docente. El prop&#xF3;sito esencial de esta investigaci&#xF3;n consisti&#xF3; en determinar la metodolog&#xED;a utilizada por los Docentes universitarios y su incidencia en el nivel de rendimiento de los estudiantes de Educaci&#xF3;n B&#xE1;sica del CURVE.Esta investigaci&#xF3;n correspondi&#xF3; a la modalidad descriptiva y de campo. Se utilizaron varios m&#xE9;todos, la observaci&#xF3;n, el anal&#xED;tico y el sint&#xE9;tico. El universo estuvo constituido por 63 profesores, 33 de los cuales imparten docencia en la Carrera de Educaci&#xF3;n B&#xE1;sica en el CURVE, y 115 estudiantes de dicha carrera. Se trabaj&#xF3; con una muestra de 46 estudiantes y 14 maestros. Se aplicaron como t&#xE9;cnicas de recolecci&#xF3;n de datos, el cuestionario, de 22 &#xED;tems y las fichas de observaci&#xF3;n. Se comprob&#xF3; que de acuerdo a lo expresado tanto por los docentes, como porlos discentes, las estrategias m&#xE1;s utilizadas son el aprendizaje colaborativo y la discusi&#xF3;n guiada y el resumen, un 18% afirma que utiliza la resoluci&#xF3;n de problemas, en contradicci&#xF3;n a esto, solo el 8.3% de los discentes afirman que los maestros utilizan estas estrategias. La mayor&#xED;a de docentes y estudiantes manifest&#xF3; que el centro universitario no posee los recursos necesarios para la ense&#xF1;anza.Se recomienda que la Direcci&#xF3;n de Ciencias de la Educaci&#xF3;n ofrezca conferencias, talleres, foros acerca de las estrategias, t&#xE9;cnicas y m&#xE9;todos con la finalidad de capacitar a los docentes y que puedan emplearlos de manera adecuada para que la ense&#xF1;anza sea eficaz y el alumno pueda construir sus propios conocimientos.</subfield>
  </datafield>
  <datafield tag="921" ind1=" " ind2=" ">
    <subfield code="a">16</subfield>
  </datafield>
  <datafield tag="922" ind1=" " ind2=" ">
    <subfield code="a">16</subfield>
  </datafield>
  <datafield tag="923" ind1=" " ind2=" ">
    <subfield code="a">0</subfield>
  </datafield>
  <datafield tag="924" ind1=" " ind2=" ">
    <subfield code="a">NO APLICA</subfield>
  </datafield>
  <datafield tag="942" ind1=" " ind2=" ">
    <subfield code="c">Tesis</subfield>
  </datafield>
  <datafield tag="999" ind1=" " ind2=" ">
    <subfield code="c">587</subfield>
    <subfield code="d">587</subfield>
  </datafield>
</record>
